| 000 | 00343 a2200121 4500 | ||
|---|---|---|---|
| 020 | _a8176562114 | ||
| 090 |
_c334 _d334 |
||
| 100 | _aJerke, Noel | ||
| 245 |
_aVisual Basic Developers guide _bto E-Commerce with ASP and SQL Server _cJerke, Noel |
||
| 260 |
_aNew Delhi _bBPB Publication _c2000 |
||
| 300 | _a721 p. | ||
| 942 |
_aNBS _cBK _k658.84 JER |
||
| 999 |
_c342901 _d342901 |
||